| 000 | 00396nam a2200169Ia 4500 | ||
|---|---|---|---|
| 003 | 0100 | ||
| 008 | 130303s9999 xx 000 0 und d | ||
| 040 | _cARRUPELIB | ||
| 050 | _aHT1321.S5 1991 | ||
| 100 | _aSolow, Barbara L. (ed) | ||
| 245 | _aSlavery and the Rise of the Atlantic System | ||
| 260 | _aCambridge | ||
| 260 | _bCambridge UP | ||
| 260 | _C1991 | ||
| 300 | _a355p | ||
| 942 | 0 | 0 | _02 |
| 999 |
_c20405 _d20405 |
||